| 000 | 00524nam a22001937a 4500 | ||
|---|---|---|---|
| 003 | BUBTL | ||
| 008 | 190107b xxu||||| |||| 00| 0 eng d | ||
| 020 | _a81-7534-436-9 | ||
| 082 | _a343.099SIC | ||
| 100 |
_92108 _aSing,Yatindra |
||
| 245 |
_aCyber Laws / _cYatindra Sing |
||
| 250 | _a2nd ed. | ||
| 260 |
_aIndia : _bUniversal Law Publishing Co. Ltd., _cc2005 |
||
| 300 |
_axxiii, 302 p. : _c22 cm. |
||
| 650 | 0 |
_92109 _aLaw |
|
| 856 |
_k0 _l0 _yDownload |
||
| 942 |
_2ddc _cBK |
||
| 999 |
_c5855 _d5855 |
||